000 00799nam a2200241 i 4500
001 47506
003 ES-MaACL
005 20250808062721.0
007 t|
008 030429s2002 sp ||||1| spa d
020 _a84-7914-542-0
080 _a1(081) Marcel, Gabriel
080 _a821.133.1-2"19"
100 1 _aMarcel, Gabriel,
_d1889-1973
_9156691
245 1 0 _aObras selectas.
_nI /
_cGabriel Marcel.
260 _aMadrid :
_bBiblioteca de Autores Cristianos,
_c2002.
300 _aXXIX, 608 p. :
_bretr. autor ;
_c20 cm.
490 1 _aBiblioteca de autores cristianos ;
_v623
505 8 _aContiene: V. 1. El misterio del ser ; El dardo ; La sed ; La seƱal de la cruz
830 1 0 _aBiblioteca de autores cristianos
_v623
_9178679
852 _aES-MaACL
_jJ-610
999 _c47506
_d47506